| 000 | 00553nam a2200193 a 4500 | ||
|---|---|---|---|
| 005 | 20210219151134.0 | ||
| 008 | 991125s1994 mx 000 0 spa u | ||
| 020 | _a968496286X | ||
| 035 | _aUPN01000028189 | ||
| 049 | _aCG | ||
| 050 | 4 | _aS613 G6.5 | |
| 100 | 1 | _aGómez Zepeda, Ignacio | |
| 245 | 1 | 0 |
_aHistoria de las unidades de riego : _bmemorias de un soñador / _cIgnacio Gómez Zepeda |
| 260 |
_aMéxico : _bCIESAS$bComisión Nacional del Agua, _c1994 |
||
| 300 | _a90 p. | ||
| 650 | 4 |
_aRIEGO- _zMEXICO |
|
| 904 |
_aAC _b028190 |
||
| 905 | _aLibro | ||
| 999 |
_c28189 _d28189 |
||